00608 2200181 4500245005300000020002200053250001100075700001600086700001900102650001600121005001900137260003300156041001400189084001100203300002300214500018000237336000900417 aPerjumpaan dengan PengkhianatcTia SetiadihText a978-602-391-356-5 aCet. 1 aTia Setiadi aMisni Parjiati aNovel Fiksi a20240520075134 aYogyakartabDIVA Pressc2017 aIndonesia a808.83 a212 hlm. :c20 cm. aPerkara perkara lama, yang tertimbun lama tapi sama sekali belum rampung, hidup kembali dalam pikirannya, tanpa kehilangan sedikit pun rinciannya.-Perjumpaan dengan penghianat atext